| 000 | 00498nam a22001937a 4500 | ||
|---|---|---|---|
| 003 | SISC | ||
| 005 | 20160317141807.0 | ||
| 008 | 130830t xxu||||| |||| 00| 0 eng d | ||
| 050 |
_aND 1473 _b.Si568 1996 |
||
| 082 |
_aHS 751.45 _bSi1 1996 |
||
| 100 |
_aSidaway, Ian _915841 |
||
| 245 |
_aOils / _cIan Sidaway. |
||
| 260 |
_aLondon : _bSunburst Books, _c1996. |
||
| 300 |
_a64 p. ; _bill. col. ; _c28 cm. |
||
| 650 |
_aOils _915842 |
||
| 650 |
_a Art _915843 |
||
| 942 |
_2lcc _cBK |
||
| 999 |
_c10041 _d10041 |
||